<?xml version="1.0" encoding="UTF-8"?>
<record
    xmlns:xsi="http://www.w3.org/2001/XMLSchema-instance"
    xsi:schemaLocation="http://www.loc.gov/MARC21/slim http://www.loc.gov/standards/marcxml/schema/MARC21slim.xsd"
    xmlns="http://www.loc.gov/MARC21/slim">

  <leader>00677nam a22001577a 4500</leader>
  <controlfield tag="003">OSt</controlfield>
  <controlfield tag="005">20150920091847.0</controlfield>
  <controlfield tag="008">150920b        xxu||||| |||| 00| 0 eng d</controlfield>
  <datafield tag="040" ind1=" " ind2=" ">
    <subfield code="c">RUA</subfield>
  </datafield>
  <datafield tag="082" ind1=" " ind2=" ">
    <subfield code="a">AGR CHE 2008 B038 Or.1</subfield>
  </datafield>
  <datafield tag="100" ind1=" " ind2=" ">
    <subfield code="9">904</subfield>
    <subfield code="a">CHEA, VUTHEA.</subfield>
  </datafield>
  <datafield tag="245" ind1=" " ind2=" ">
    <subfield code="a">Effect of chiken manure on lettuce in crop station of royal university of agriculture &#x1794;&#x17D2;&#x179A;&#x179F;&#x17B7;&#x1791;&#x17D2;&#x1792;&#x1797;&#x17B6;&#x1796;&#x1793;&#x17C3;&#x1787;&#x17B8;&#x179B;&#x17B6;&#x1798;&#x1780;&#x1798;&#x17B6;&#x1793;&#x17CB;&#x179B;&#x17BE;&#x178A;&#x17C6;&#x178E;&#x17B6;&#x17C6;&#x179F;&#x17B6;&#x179B;&#x17B6;&#x178A;&#x1793;&#x17C5;&#x179F;&#x17D2;&#x1790;&#x17B6;&#x1793;&#x17B8;&#x1799;&#x17CD;&#x178A;&#x17C6;&#x178E;&#x17B6;&#x17C6;&#x179F;&#x17B6;&#x1780;&#x179B;&#x179C;&#x17B7;&#x1791;&#x17D2;&#x1799;&#x17B6;&#x179B;&#x17D0;&#x1799;&#x1797;&#x17BC;&#x1798;&#x17B7;&#x1793;&#x17D2;&#x1791;&#x1780;&#x179F;&#x17B7;&#x1780;&#x1798;&#x17D2;&#x1798;</subfield>
  </datafield>
  <datafield tag="260" ind1=" " ind2=" ">
    <subfield code="a">Phnom Penh</subfield>
    <subfield code="b">RUA</subfield>
    <subfield code="c">2008</subfield>
  </datafield>
  <datafield tag="300" ind1=" " ind2=" ">
    <subfield code="a">x; 53p.</subfield>
    <subfield code="b">ill.</subfield>
    <subfield code="c">29cm.</subfield>
  </datafield>
  <datafield tag="942" ind1=" " ind2=" ">
    <subfield code="2">ddc</subfield>
    <subfield code="c">AGR</subfield>
  </datafield>
  <datafield tag="999" ind1=" " ind2=" ">
    <subfield code="c">872</subfield>
    <subfield code="d">872</subfield>
  </datafield>
  <datafield tag="952" ind1=" " ind2=" ">
    <subfield code="0">0</subfield>
    <subfield code="1">0</subfield>
    <subfield code="2">ddc</subfield>
    <subfield code="4">0</subfield>
    <subfield code="6">AGR_CHE_2008_000000000000000_B038_OR_1</subfield>
    <subfield code="7">0</subfield>
    <subfield code="9">3469</subfield>
    <subfield code="a">LBB</subfield>
    <subfield code="b">LBB</subfield>
    <subfield code="c">B038</subfield>
    <subfield code="d">2015-09-20</subfield>
    <subfield code="l">2</subfield>
    <subfield code="o">AGR CHE 2008 B038 Or.1</subfield>
    <subfield code="p">RUA002510</subfield>
    <subfield code="r">2023-09-18</subfield>
    <subfield code="s">2023-09-06</subfield>
    <subfield code="w">2015-09-20</subfield>
    <subfield code="y">AGR</subfield>
  </datafield>
  <datafield tag="952" ind1=" " ind2=" ">
    <subfield code="0">0</subfield>
    <subfield code="1">0</subfield>
    <subfield code="2">ddc</subfield>
    <subfield code="4">0</subfield>
    <subfield code="6">AGR_CHE_2008_000000000000000_B038_OR_2</subfield>
    <subfield code="7">0</subfield>
    <subfield code="9">3470</subfield>
    <subfield code="a">LBB</subfield>
    <subfield code="b">LBB</subfield>
    <subfield code="c">B038</subfield>
    <subfield code="d">2015-09-20</subfield>
    <subfield code="l">5</subfield>
    <subfield code="o">AGR CHE 2008 B038 Or.2</subfield>
    <subfield code="p">RUA002353</subfield>
    <subfield code="r">2019-10-11</subfield>
    <subfield code="s">2019-08-26</subfield>
    <subfield code="w">2015-09-20</subfield>
    <subfield code="y">AGR</subfield>
  </datafield>
  <datafield tag="952" ind1=" " ind2=" ">
    <subfield code="0">0</subfield>
    <subfield code="1">0</subfield>
    <subfield code="2">ddc</subfield>
    <subfield code="4">0</subfield>
    <subfield code="6">AGR_CHE_2008_000000000000000_B038_OR_3</subfield>
    <subfield code="7">0</subfield>
    <subfield code="9">3471</subfield>
    <subfield code="a">LBB</subfield>
    <subfield code="b">LBB</subfield>
    <subfield code="c">B038</subfield>
    <subfield code="d">2015-09-20</subfield>
    <subfield code="l">14</subfield>
    <subfield code="m">1</subfield>
    <subfield code="o">AGR CHE 2008 B038 Or.3</subfield>
    <subfield code="p">RUA002586</subfield>
    <subfield code="r">2023-04-24</subfield>
    <subfield code="s">2023-03-14</subfield>
    <subfield code="w">2015-09-20</subfield>
    <subfield code="y">AGR</subfield>
  </datafield>
  <datafield tag="952" ind1=" " ind2=" ">
    <subfield code="0">0</subfield>
    <subfield code="1">0</subfield>
    <subfield code="2">ddc</subfield>
    <subfield code="4">0</subfield>
    <subfield code="6">AGR_CHE_2008_000000000000000_B038_OR_4</subfield>
    <subfield code="7">0</subfield>
    <subfield code="9">3472</subfield>
    <subfield code="a">LBB</subfield>
    <subfield code="b">LBB</subfield>
    <subfield code="c">B038</subfield>
    <subfield code="d">2015-09-20</subfield>
    <subfield code="l">3</subfield>
    <subfield code="o">AGR CHE 2008 B038 Or.4</subfield>
    <subfield code="p">RUA002870</subfield>
    <subfield code="r">2020-06-09</subfield>
    <subfield code="s">2020-05-05</subfield>
    <subfield code="w">2015-09-20</subfield>
    <subfield code="y">AGR</subfield>
  </datafield>
  <datafield tag="952" ind1=" " ind2=" ">
    <subfield code="0">0</subfield>
    <subfield code="1">0</subfield>
    <subfield code="2">ddc</subfield>
    <subfield code="4">0</subfield>
    <subfield code="6">AGR_CHE_2008_000000000000000_B038_OR_5</subfield>
    <subfield code="7">0</subfield>
    <subfield code="9">3473</subfield>
    <subfield code="a">LBB</subfield>
    <subfield code="b">LBB</subfield>
    <subfield code="c">B038</subfield>
    <subfield code="d">2015-09-20</subfield>
    <subfield code="l">1</subfield>
    <subfield code="o">AGR CHE 2008 B038 Or.5</subfield>
    <subfield code="p">RUA002061</subfield>
    <subfield code="r">2022-11-28</subfield>
    <subfield code="s">2022-11-22</subfield>
    <subfield code="w">2015-09-20</subfield>
    <subfield code="y">AGR</subfield>
  </datafield>
  <datafield tag="952" ind1=" " ind2=" ">
    <subfield code="0">0</subfield>
    <subfield code="1">0</subfield>
    <subfield code="2">ddc</subfield>
    <subfield code="4">0</subfield>
    <subfield code="6">AGR_CHE_2008_000000000000000_B038_OR_6</subfield>
    <subfield code="7">0</subfield>
    <subfield code="9">3474</subfield>
    <subfield code="a">LBB</subfield>
    <subfield code="b">LBB</subfield>
    <subfield code="c">B038</subfield>
    <subfield code="d">2015-09-20</subfield>
    <subfield code="l">2</subfield>
    <subfield code="o">AGR CHE 2008 B038 Or.6</subfield>
    <subfield code="p">RUA002281</subfield>
    <subfield code="r">2016-10-26</subfield>
    <subfield code="s">2016-10-26</subfield>
    <subfield code="w">2015-09-20</subfield>
    <subfield code="y">AGR</subfield>
  </datafield>
  <datafield tag="952" ind1=" " ind2=" ">
    <subfield code="0">0</subfield>
    <subfield code="1">0</subfield>
    <subfield code="2">ddc</subfield>
    <subfield code="4">0</subfield>
    <subfield code="6">AGR_CHE_2008_000000000000000_B038_OR_7</subfield>
    <subfield code="7">0</subfield>
    <subfield code="9">40817</subfield>
    <subfield code="a">LBB</subfield>
    <subfield code="b">LBB</subfield>
    <subfield code="d">2016-02-24</subfield>
    <subfield code="l">1</subfield>
    <subfield code="o">AGR CHE 2008 B038 Or.7</subfield>
    <subfield code="p">RUA051213</subfield>
    <subfield code="r">2017-08-08</subfield>
    <subfield code="s">2017-08-01</subfield>
    <subfield code="w">2016-02-24</subfield>
    <subfield code="y">AGR</subfield>
  </datafield>
</record>
